000 00294nam a22001337a 4500
008 171018b xxu||||| |||| 00| 0 eng d
020 _a9780395592458
041 _aeng
080 _22ND
_a338
100 _a53
101 _aMEN
245 _aSTRATEGIC MANAGEMENT
_cHILL,CH.W
942 _2udc
_cBK
999 _c34561
_d34561